|
|
|
|
| LEADER |
01009nam a2200373 4500 |
| 001 |
DLU110120706 |
| 005 |
##20110506 |
| 008 |
##980226s1999 nyua b 001 0 eng |
| 010 |
# |
# |
|a 98015859
|
| 020 |
# |
# |
|a 0321002059
|
| 035 |
# |
# |
|9 (DLC) 98015859
|
| 040 |
# |
# |
|a DLC
|c DLC
|d DLC
|
| 082 |
# |
# |
|a 808.042
|b GO-G
|
| 100 |
# |
# |
|a Goshgarian, Gary.
|
| 245 |
# |
# |
|a The contemporary reader /
|c Gary Goshgarian.
|
| 250 |
# |
# |
|a 6th ed.
|
| 260 |
# |
# |
|a New York :
|b Longman,
|c c1999.
|
| 300 |
# |
# |
|a xxvii, 580 p. :
|b ill. ;
|c 23 cm.
|
| 504 |
# |
# |
|a Includes bibliographical references and index.
|
| 650 |
# |
# |
|a College readers.
|
| 650 |
# |
# |
|a English language
|x Rhetoric
|x Problems, exercises, etc.
|
| 650 |
# |
# |
|a Report writing
|x Problems, exercises, etc.
|
| 923 |
# |
# |
|a 01/2011NN
|
| 991 |
# |
# |
|a SH
|
| 992 |
# |
# |
|a 0
|
| 993 |
# |
# |
|a 1999
|
| 994 |
# |
# |
|a KNN
|
| 900 |
# |
# |
|a True
|
| 911 |
# |
# |
|a Nguyễn Thanh Hương
|
| 925 |
# |
# |
|a G
|
| 926 |
# |
# |
|a A
|
| 927 |
# |
# |
|a SH
|
| 980 |
# |
# |
|a Thư viện Trường Đại học Đà Lạt
|